=LDR 00000nam 2200000 4500 =001 INLIS000000000015983 =005 20200702120749 =035 ##$$a 0010-061300000015983 =008 200702################g##########0#ind## =041 ##$$a Ind =082 ##$$a 2x3 =090 ##$$a 2x3, Kha g =100 1#$$a Khalid, Abdul Rahman Abdul =245 1#$$a Garis Pemisah antara kufur dan iman /$c Dr.Abdul Rahman Abdul Khalid ; Penerjemah Wardana =260 ##$$a Jakarta :$b Bumi Aksara,$c 1996 =300 ##$$a VII-111 hlm., ; $c 12 x 17 cm =650 #4$$a Aqaid dan Ilmu kalam =700 #$$a Penerjemah, Wardana =850 ##$$a NBPNMAT =084 ##$$a 2x3 KHA g =250 ##$$a cet.1 =990 ##$$a 128.326/pro98 =990 ##$$a 128.327/pro98 =990 ##$$a 128.329/pro96 =990 ##$$a DW00016266 =990 ##$$a 128.328/Pro-98 =990 ##$$a 128.329/pro.96 =990 ##$$a 128.326/pro98 =990 ##$$a 128.327/pro98 =990 ##$$a DW00016266 =990 ##$$a 128.328/Pro-98